Place-based evaluation for integrated land-use management

Bibliographic Details
Other Authors: Alexander, Ernest (Editor), Hull, Angela (Editor), Ruth, Matthias (Editor), Woltjer, Johan (Editor)
Format: Book
Language:English
Published: New York : Routledge 2015
Edition:First edition
Subjects:

MARC

LEADER 00000cam a2200000 7i4500
001 0000029515
005 20241128.0
008 211221 nyua eng
020 |a 9780367668747 
040 |a INS   |b eng   |e rda 
090 0 0 |a HT391   |b .P5325 2015 
245 0 0 |a Place-based evaluation for integrated land-use management   |c edited by Johan Woltjer, Ernest Alexander, Angela Hull, Matthias Ruth 
250 |a First edition 
264 1 |a New York :   |b Routledge   |c 2015 
264 4 |c ©2015 
300 |a xxv, 395 pages :   |b illustrations ;   |c 24 cm. 
336 |a text  |2 rdacontent 
337 |a unmediated  |2 rdamedia 
338 |a volume  |2 rdacarrier 
504 |a Includes bibliographical references and index 
650 0 |a City planning 
650 0 |a Land use   |x Planning 
650 0 |a Public works   |x Planning 
650 0 |a Regional planning 
700 1 |a Alexander, Ernest ,   |e editor 
700 1 |a Hull, Angela ,   |e editor 
700 1 |a Ruth, Matthias ,   |e editor 
700 1 |a Woltjer, Johan ,   |e editor 
999 |a 1000004365   |b BOOK   |c Open Shelf   |e Default branch